000 00543nam a2200181Ia 4500
999 _c14414
_d14414
003 OSt
005 20230916142610.0
008 190216s9999||||xx |||||||||||||| ||und||
020 _a9788126138678
040 _coclc
082 _a822.912
_bSHA/A
100 1 _aShaw, Bernard,
_d1856-1950.
_tArms and the man
_94899
245 0 _aArms And The Man /
_cBernard Shaw
260 _bArnomal Publications ,
_c1995.
_aNew Delhi:
300 _a309p
650 _aEnglish Drama
942 _cBK
_2ddc
_h822.912
_iSHA/A
_k822.912
_mSHA/A